[Event "Capablanca mem-B"]
[Site "Cienfuegos"]
[Date "1983.??.??"]
[Round "?"]
[White "Pinal, Nelson Borges"]
[Black "Vilela, Jose Luis"]
[Result "0-1"]
[WhiteElo "2405"]
[BlackElo "2440"]

1.e4 e6 2.d4 d5 3.Nd2 a6 4.Ngf3 c5 5.exd5 exd5 6.dxc5 Bxc5 7.Nb3 Ba7 8.Be2 Nf6
9.O-O O-O 10.Bg5 Nc6 11.c3 Re8 12.Bh4 Bg4 13.Re1 h6 14.Nfd4 Nxd4 15.Nxd4 Bxd4
16.cxd4 Bxe2 17.Rxe2 Qb6 18.Bxf6 Qxf6 19.Re3 Rxe3 20.fxe3 Re8 21.Qd3 Qg5
22.Re1 h5 23.a4 g6 24.Qb3 Re7 25.Qc3 Kg7 26.a5 h4 27.h3 Re4 28.Qb3 Re7 29.Qc3 Qg3
30.Qd2 Re4 31.Qe2 f5 32.Rc1 Rxe3 33.Qc2 Re1+ 34.Rxe1 Qxe1+ 35.Kh2 Qg3+ 36.Kh1 Qe1+
37.Kh2 Qxa5 38.Qc8 Qb6 39.Qd7+ Kh6 40.Qxd5 Qc7+ 41.Kg1 Qc1+ 42.Kh2 Qf4+ 43.Kh1 Qc1+
44.Kh2 Qc7+ 45.Kg1 Qe7 46.Kh1 Kg5 47.b3 Kf6 48.Qg8 Qd6 49.Qh7 b5 50.Qxh4+ Ke6
51.Qe1+ Kd5 52.Qc3 Ke4 53.Qa1 Kd3 54.Qd1+ Kc3 55.d5 Kb4 56.Qd4+ Kxb3 57.h4 b4
58.g3 Ka4 59.Kh2 Kb5 60.Kh3 a5 61.Qd3+ Kc5 62.Qc2+ Kb6 63.Qf2+ Qc5 64.Qf3 Qd4
65.Kh2 Qd2+ 66.Kg1 Kc5 67.d6 Qxd6 68.h5 gxh5 69.Qxf5+ Qd5 70.Qc8+ Kb5 71.Qe8+ Kc4
72.Qe2+ Kb3 73.Qe3+ Ka2 74.Qf2+ Ka3 75.Qf8 Qd1+ 76.Kh2 Qe2+ 77.Kh1 Qe4+ 78.Kg1 h4
79.gxh4 Qxh4 80.Qc5 Qe1+ 81.Kh2 Qd2+ 82.Kh1 a4 83.Qf8 Ka2 84.Qg8+ b3 85.Qf7 Qd1+
86.Kh2  0-1

[Event "Capablanca mem-B"]
[Site "Cienfuegos"]
[Date "1983.??.??"]
[Round "?"]
[White "Vogt, Lothar"]
[Black "Lebredo, Gerardo"]
[Result "1/2-1/2"]
[WhiteElo "2510"]
[BlackElo "2350"]

1.e4 e6 2.d4 d5 3.Nd2 a6 4.Ngf3 c5 5.exd5 exd5 6.dxc5 Bxc5 7.Bd3 Qe7+ 8.Be2 Nf6
9.O-O O-O 10.Nb3 Ba7 11.Bg5 h6 12.Bh4 g5 13.Bg3 Ne4 14.Bxb8 Rxb8 15.Nfd4 Qf6
16.c3 Bd7 17.Bg4 Bxg4 18.Qxg4 Rbe8 19.Rad1 Nd6 20.Qf3 Qxf3 21.Nxf3 Re2 22.Rxd5 Ne4
23.Re5 f6 24.Re6 Nxc3 25.Rxe2 Nxe2+ 26.Kh1 Rc8 27.Rd1 Rc2 28.Rd2 Rxd2 29.Nfxd2 Bxf2  1/2-1/2

[Event "Capablanca mem-A"]
[Site "Cienfuegos"]
[Date "1983.??.??"]
[Round "?"]
[White "Boudy, Julio"]
[Black "Psakhis, Lev"]
[Result "0-1"]
[WhiteElo "2335"]
[BlackElo "2580"]

1.e4 e6 2.d4 d5 3.Nd2 a6 4.Ngf3 c5 5.exd5 exd5 6.Be2 cxd4 7.O-O Bd6 8.Nb3 Ne7
9.Nbxd4 O-O 10.Bg5 Nbc6 11.Bh4 Qb6 12.Rb1 Ng6 13.Bg3 Nf4 14.Re1 Bg4 15.Bxf4 Bxf4
16.Nxc6 bxc6 17.Qd4 Qxd4 18.Nxd4 Bd7 19.Bf3 Rab8 20.c4 c5 21.Ne2 Bd2 22.Red1 Bf5
23.Ra1 Rxb2 24.Ng3 Bg6 25.Bxd5 Bc3 26.Ne4 Bd4 27.Rab1 Re2 28.Ng3 Rxf2  0-1

[Event "Frunze"]
[Site "Frunze"]
[Date "1983.??.??"]
[Round "?"]
[White "Wittmann, Walter"]
[Black "Dolmatov, Sergey"]
[Result "0-1"]
[WhiteElo "2435"]
[BlackElo "2550"]

1.e4 e6 2.d4 d5 3.Nd2 a6 4.Ngf3 c5 5.dxc5 Bxc5 6.Bd3 Ne7 7.O-O Nbc6 8.Qe2 O-O
9.Nb3 Ba7 10.Bg5 Qc7 11.Bh4 dxe4 12.Bxe4 Nf5 13.Rad1 Nxh4 14.Nxh4 Ne7 15.c3 f5
16.Bc2 e5 17.Nf3 Ng6 18.g3 b5 19.Ng5 h6 20.Nd4 exd4 21.Bb3+ Kh8 22.Qh5 Qc6
23.cxd4 Qf6 24.h4 f4 25.Nf7+ Rxf7 26.Qd5 Rf8 27.Qxa8 Bh3 28.Qxa7 fxg3  0-1

[Event "Frunze"]
[Site "Frunze"]
[Date "1983.??.??"]
[Round "?"]
[White "Imanaliev, Taalaibek"]
[Black "Dolmatov, Sergey"]
[Result "0-1"]
[WhiteElo "2200"]
[BlackElo "2550"]

1.e4 e6 2.d4 d5 3.Nd2 a6 4.Ngf3 c5 5.exd5 exd5 6.Be2 cxd4 7.Nb3 Nc6 8.O-O Bd6
9.Nbxd4 Nge7 10.Bg5 O-O 11.c4 h6 12.Bh4 Bc5 13.Nxc6 bxc6 14.cxd5 cxd5 15.Rc1 Qb6
16.Qc2 Bd6 17.Bg3 Bf5 18.Qd2 Rfb8 19.Bxd6 Qxd6 20.Rfd1 a5 21.Nd4 Bd7 22.Qc3 Ra7
23.b3 a4 24.Qc5 Qxc5 25.Rxc5 axb3 26.axb3 Rb4 27.h3 g6 28.Bf3 Be6 29.Rb5 Rxb5
30.Nxb5 Rb7 31.Nd4 Kg7 32.Kf1 Kf6 33.g4 Ke5 34.Rd3 Rb4 35.Nc2 Rb6 36.Nd4 Nc6
37.Nxc6+ Rxc6 38.Bg2 Rc1+ 39.Ke2 d4 40.f4+ Kxf4 41.Rxd4+ Kg3 42.Bf1 Kh2 43.Kf2 Rc2+
44.Be2 Kxh3 45.b4 Kh4 46.b5 Rb2 47.Ke3 Kg5 48.Rd2 Rb4 49.Rd4 Rb3+  0-1

[Event "Gausdal Jubilee"]
[Site "Gausdal"]
[Date "1983.??.??"]
[Round "5"]
[White "Elseth, Roar"]
[Black "Heiberg, T."]
[Result "1/2-1/2"]
[WhiteElo "2250"]
[BlackElo "2205"]

1.e4 e6 2.d4 d5 3.Nd2 Nc6 4.Ngf3 Nf6 5.e5 Nd7 6.Nb3 Be7 7.Bb5 a6 8.Bxc6 bxc6
9.Na5 Nb8 10.O-O c5 11.dxc5 Bxc5 12.c3 Bb6 13.b4 O-O 14.Nb3 Nd7 15.Qd3 f6
16.exf6 Qxf6 17.Be3 Bb7 18.Nc5 Bxc5 19.bxc5 e5 20.Ng5 Qf5 21.Qxf5 Rxf5 22.Nh3 a5
23.f4 Ba6 24.Rf2 c6 25.fxe5 Rxe5 26.Bd4 Re7 27.Nf4 Rae8 28.h3 a4 29.Kh2 a3
30.Rb1 Rb8 31.Rb3 Rxb3 32.axb3 Rf7 33.h4 Nf8 34.g3 Bb5 35.Ra2 Ra7 36.Be3 Nd7
37.Nxd5 Ne5 38.c4 Nxc4 39.bxc4 Bxc4 40.Ne7+  1/2-1/2

[Event "BL2-N"]
[Site "Germany"]
[Date "1983.??.??"]
[Round "?"]
[White "Schruefer, Guenther"]
[Black "Anbuhl, Edgar"]
[Result "1-0"]
[WhiteElo "2205"]
[BlackElo "2200"]

1.e4 e6 2.d4 d5 3.Nd2 Nc6 4.Ngf3 Nf6 5.e5 Nd7 6.Be2 f6 7.exf6 Qxf6 8.Nf1 b6
9.Ne3 Bb7 10.c4 Bb4+ 11.Bd2 Bxd2+ 12.Qxd2 dxc4 13.Nxc4 O-O 14.O-O e5 15.dxe5 Ndxe5
16.Ncxe5 Nxe5 17.Nxe5 Qxe5 18.Bc4+ Kh8 19.Rfe1 Qf5 20.Bf1 Rad8 21.Qe3 Rd6
22.Rad1 Rdf6 23.Rd2 c5 24.f3 Qh5 25.Qe7 Bc6 26.Rd8 Qf7 27.Rxf8+ Qxf8 28.Qxa7 Qd8
29.Rd1 Qe8 30.Qxb6 Qe3+ 31.Kh1 g6 32.Rd8+ Kg7 33.Qc7+ Kh6 34.Rh8 Rxf3 35.Qxh7+ Kg5
36.Qh6+ Kf6 37.Rf8+  1-0

[Event "Bundesliga 8283"]
[Site "Germany"]
[Date "1983.??.??"]
[Round "?"]
[White "Lobron, Eric"]
[Black "Reefschlaeger, Helmut"]
[Result "1-0"]
[WhiteElo "2470"]
[BlackElo "2380"]

1.e4 e6 2.d4 d5 3.Nd2 Nc6 4.Ngf3 Nf6 5.e5 Nd7 6.Be2 b6 7.Nf1 Bb7 8.Ne3 f6
9.exf6 Qxf6 10.Ng4 Qg6 11.Nh4 Qf7 12.f4 O-O-O 13.Nf3 Qf5 14.g3 Nf6 15.Ne3 Qg6
16.c3 Ne4 17.O-O h5 18.Ng2 Be7 19.Ngh4 Qe8 20.Be3 Bf6 21.Qa4 Nxd4 22.Qxd4 Bxd4
23.cxd4 Qa4 24.b3 Qa3 25.Ne5 c5 26.f5 Qb2 27.Bd3 exf5 28.Nxf5 Rhe8 29.Rab1 Qxa2
30.Nxg7 Rxe5 31.dxe5 d4 32.Bf4 Ng5 33.Bf5+ Kb8 34.e6+ Ka8 35.Rf2 Nh3+ 36.Bxh3 Qxb1+
37.Bf1 Rg8 38.e7 Qe4 39.Re2 Qh1+ 40.Kf2 Qf3+ 41.Ke1 Bc6 42.e8=Q+ Rxe8 43.Nxe8 d3
44.Nc7+ Kb7 45.Re7 Be4 46.Ne8+ Kc6 47.Rc7+ Kb5 48.Nd6+ Kb4 49.Re7 Bd5 50.Bd2+ Kxb3
51.Re3 Qf8 52.Rxd3+ Ka4 53.Rxd5 Qe7+ 54.Kd1 a6 55.Bxa6  1-0

[Event "Gladsaxe"]
[Site "Gladsaxe"]
[Date "1983.??.??"]
[Round "?"]
[White "Kristensen, Bjarke"]
[Black "Cramling, Pia"]
[Result "1-0"]
[WhiteElo "2300"]
[BlackElo "2355"]

1.d4 e6 2.e4 d5 3.Nd2 Nc6 4.Ngf3 Nf6 5.e5 Nd7 6.c3 f5 7.h4 Be7 8.Bd3 Ncb8
9.g4 fxg4 10.Ng5 Bxg5 11.hxg5 Qxg5 12.Nf3 Qe7 13.Bg6+ hxg6 14.Rxh8+ Nf8 15.Nh4 Kd7
16.Qxg4 Qf7 17.b3 Kc6 18.Ba3 Nbd7 19.Rd1 g5 20.Qxg5 g6 21.Bxf8 Nxf8 22.Qf6  1-0

[Event "Hannover"]
[Site "Hannover"]
[Date "1983.??.??"]
[Round "9"]
[White "Bouaziz, Slim"]
[Black "Chen De"]
[Result "1/2-1/2"]
[WhiteElo "2390"]
[BlackElo "2320"]

1.e4 e6 2.d4 d5 3.Nd2 Nc6 4.Ngf3 Nf6 5.e5 Nd7 6.Be2 f6 7.exf6 Nxf6 8.O-O Bd6
9.c4 O-O 10.c5 Bf4 11.Nb3 Ne4 12.Bxf4 Rxf4 13.g3 Rf7 14.Ne5 Nxe5 15.dxe5 Qe7
16.Rc1 b6 17.c6 a5 18.f3 Nc5 19.Nd4 Ba6 20.Bxa6 Nxa6 21.a3 Nc5 22.b4 axb4
23.axb4 Na6 24.Ra1 Rff8 25.b5 Nc5 26.Qd2 h6  1/2-1/2

[Event "NLD-ch"]
[Site "Hilversum"]
[Date "1983.??.??"]
[Round "3"]
[White "Van der Wiel, John TH"]
[Black "Bohm, Hans"]
[Result "1-0"]
[WhiteElo "2530"]
[BlackElo "2380"]

1.e4 e6 2.d4 d5 3.Nd2 Be7 4.Ngf3 Nf6 5.e5 Nfd7 6.c4 dxc4 7.Nxc4 Nb6 8.h4 h6
9.Rh3 Nc6 10.a3 Nd5 11.Qc2 Qd7 12.Rg3 Bf8 13.Ne3 Nce7 14.h5 Qc6 15.Qxc6+ Nxc6
16.Nxd5 exd5 17.Bd3 Nd8 18.Nh4 b6 19.Nf5 Ne6 20.b4 c6 21.Bd2 Bd7 22.Rb1 O-O-O
23.Be3 Kb7 24.f4 Ra8 25.Nd6+ Bxd6 26.exd6 f6 27.Kf2 Rhf8 28.Bf5 Rf7 29.Bg6 Rff8
30.Bf5 Rf7 31.Bg6 Rff8 32.f5 Ng5 33.Bxg5 fxg5 34.Re1 Bxf5 35.Re7+ Ka6 36.Rf3 Be4
37.Rxf8 Rxf8+ 38.Ke3 Rd8 39.d7 Bxg2 40.Bf5 Kb7 41.Rxg7 Kc7 42.Rh7 Rf8 43.Bg4 Be4
44.Rxh6 Bf5 45.Bxf5 Rxf5 46.Rh7 g4 47.h6 g3 48.Rg7 g2 49.h7 Rh5 50.Kf2  1-0

[Event "Indonesia"]
[Site "Indonesia"]
[Date "1983.??.??"]
[Round "13"]
[White "Ljubojevic, Ljubomir"]
[Black "Gunawan, Ronny"]
[Result "0-1"]
[WhiteElo "2645"]
[BlackElo "2400"]

1.e4 e6 2.d4 d5 3.Nd2 Nc6 4.Ngf3 Nf6 5.e5 Nd7 6.Be2 f6 7.exf6 Nxf6 8.O-O Bd6
9.c4 O-O 10.a3 Kh8 11.b4 a6 12.Bb2 Bd7 13.Bd3 Qe8 14.Ne5 dxc4 15.Nxd7 Qxd7
16.Nxc4 Rad8 17.Qe2 Nxd4 18.Qe1 b5 19.Nxd6 Qxd6 20.Rd1 Ng4 21.f4 Rxf4 22.Qh4 Ne2+
23.Bxe2 Qb6+ 24.Kh1 Rxd1 25.Rxd1 Nf2+ 26.Qxf2 Qxf2  0-1

[Event "Indonesia"]
[Site "Indonesia"]
[Date "1983.??.??"]
[Round "19"]
[White "Ljubojevic, Ljubomir"]
[Black "Kovacevic, Vlatko"]
[Result "1-0"]
[WhiteElo "2645"]
[BlackElo "2540"]

1.e4 e6 2.d4 d5 3.Nd2 Nc6 4.Ngf3 Nf6 5.e5 Nd7 6.Be2 f6 7.exf6 Nxf6 8.O-O Bd6
9.c4 O-O 10.a3 Ng4 11.h3 Nh6 12.Nb3 Qf6 13.Bg5 Qg6 14.Bd3 Qh5 15.c5 Bf4 16.Bxf4 Rxf4
17.Qd2 g5 18.Qe3 Bd7 19.Ne5 Nxe5 20.Qxe5 c6 21.Nc1 Nf7 22.Qc7 Rd8 23.Ne2 Rf6
24.f4 g4 25.hxg4 Qxg4 26.Rf3 Kf8 27.Rg3 Qh4 28.Rh3 Qg4 29.Rxh7 Ke7 30.Rf1 Rg8
31.Rf2 Rg7 32.Rxg7 Qxg7 33.Rf3 Rh6 34.Re3 Qh8 35.Ng3 Kf8 36.Qxd7 Qxd4 37.Nf1 Rf6
38.Qxb7 Qxf4 39.Qa8+ Kg7 40.Rg3+ Ng5 41.Qxa7+ Kh6 42.Qe7 Rf7 43.Qe8 Qe5 44.Qg8  1-0

[Event "URS-ch sf"]
[Site "Irkutsk"]
[Date "1983.??.??"]
[Round "?"]
[White "Kuzmin, Gennadi P"]
[Black "Panchenko, Alexander N"]
[Result "1-0"]
[WhiteElo "2510"]
[BlackElo "2475"]

1.e4 e6 2.d4 d5 3.Nd2 Nc6 4.Ngf3 Nf6 5.e5 Nd7 6.Nb3 a5 7.Bd2 Be7 8.Bb5 Na7
9.Be2 a4 10.Nc1 c5 11.Nd3 cxd4 12.Nxd4 Nc6 13.Nf3 a3 14.b3 f6 15.exf6 Bxf6
16.Nf4 Nc5 17.Nh5 Bxa1 18.Qxa1 d4 19.Nxg7+ Kf7 20.Nh5 Ne4 21.O-O Rg8 22.Rd1 e5
23.Ng3 Nxg3 24.hxg3 e4 25.Bc4+ Be6 26.Bxe6+ Kxe6 27.Re1 e3 28.fxe3 d3 29.Nd4+ Nxd4
30.exd4+ Kd7 31.Qc3 Re8 32.Rf1 Rf8 33.Bf4 dxc2 34.Qxc2 Qe7 35.Qc7+ Ke8 36.Qc3 Rf6
37.d5 Kf7 38.Re1 Qd8 39.d6 Re6 40.Rxe6 Kxe6 41.Qe5+  1-0

[Event "URS-ch sf"]
[Site "Minsk"]
[Date "1983.??.??"]
[Round "?"]
[White "Korzubov, Peter"]
[Black "Eingorn, Vereslav S"]
[Result "0-1"]
[WhiteElo "2450"]
[BlackElo "2450"]

1.e4 e6 2.d4 d5 3.Nd2 a6 4.Bd3 c5 5.dxc5 Bxc5 6.Ngf3 Ne7 7.O-O Nbc6 8.Nb3 Ba7
9.Qe2 O-O 10.Rd1 Qc7 11.Be3 Bxe3 12.Qxe3 h6 13.e5 Bd7 14.Rac1 Na5 15.Nxa5 Qxa5
16.c3 Rac8 17.Bb1 Rc4 18.Nd2 Rcc8 19.c4 Qc7 20.Rc3 Bc6 21.Qd4 Rcd8 22.c5 Bb5
23.Rg3 Be2 24.Re1 Bh5 25.Nb3 Bg6 26.Bxg6 fxg6 27.Qd2 g5 28.Nd4 Qd7 29.Rb3 Nc6
30.Nxc6 Qxc6 31.Rc1 d4 32.Rd3 Qd5 33.Rd1 Rf4 34.Qb4 g4 35.Qb3 Qxe5 36.Qxb7 Rb8
37.Qxa6 Rxb2 38.Rb3 Rfxf2 39.Rxb2 Rxb2 40.Qa8+ Kh7 41.Qa6 Qe3+ 42.Kh1 Re2
43.Rf1 d3 44.c6 Re1  0-1

[Event "URS-ch sf"]
[Site "Minsk"]
[Date "1983.??.??"]
[Round "?"]
[White "Rozentalis, Eduardas"]
[Black "Eingorn, Vereslav S"]
[Result "1/2-1/2"]
[WhiteElo "2200"]
[BlackElo "2450"]

1.e4 e6 2.d4 d5 3.Nd2 a6 4.Ngf3 c5 5.exd5 exd5 6.dxc5 Bxc5 7.Nb3 Ba7 8.Qe2+ Qe7
9.Bd2 Be6 10.Bc3 Nf6 11.Bd4 Nc6 12.Bxa7 Rxa7 13.g3 O-O 14.Bg2 Qb4+ 15.c3 Qe4
16.Qxe4 dxe4 17.Nfd4 Bxb3 18.Nxc6 bxc6 19.axb3 Rb8 20.O-O-O Rab7 21.Rd6 Rxb3
22.Rhd1 Kf8 23.Rd8+ Rxd8 24.Rxd8+ Ke7 25.Ra8 Rb5 26.Ra7+ Kf8 27.Ra8+  1/2-1/2

[Event "URS-ch sf"]
[Site "Minsk"]
[Date "1983.??.??"]
[Round "?"]
[White "Kupreichik, Viktor D"]
[Black "Eingorn, Vereslav S"]
[Result "0-1"]
[WhiteElo "2480"]
[BlackElo "2450"]

1.e4 e6 2.d4 d5 3.Nd2 a6 4.Bd3 c5 5.dxc5 Bxc5 6.Ngf3 Ne7 7.Qe2 Nbc6 8.Nb3 Bb6
9.Bf4 Nb4 10.O-O O-O 11.Rfd1 Bd7 12.c4 Ng6 13.Bg3 Ba4 14.cxd5 exd5 15.Bc4 Re8
16.Bxd5 Nxd5 17.Qc4 Ne3 18.fxe3 Bb5 19.Qc3 Qc8 20.Nbd4 Rxe4 21.Qb3 Qe8 22.Bf2 Bxd4
23.Rxd4 Bc6 24.Rad1 h6 25.Qb6 Kh7 26.b3 Rc8 27.Rxe4 Qxe4 28.Qd4 Qxd4 29.exd4 Nf4
30.Ne5 Bd5 31.Nc4 Bxc4 32.bxc4 Rxc4 33.h3 Nd5 34.Rb1 Rc7 35.Bg3 Rd7 36.Rb3 Ne7
37.Bf2 g5 38.Kf1 Nd5 39.Ke2 Kg6 40.Bg3 Kf5 41.Kf3 h5  0-1

[Event "New York"]
[Site "New York"]
[Date "1983.??.??"]
[Round "1"]
[White "Kudrin, Sergey"]
[Black "Henley, Ron W"]
[Result "1/2-1/2"]
[WhiteElo "2505"]
[BlackElo "2525"]

1.e4 e6 2.d4 d5 3.Nd2 a6 4.Ngf3 c5 5.exd5 exd5 6.Be2 Nf6 7.O-O Be7 8.dxc5 Bxc5
9.Nb3 Ba7 10.Bg5 O-O 11.c3 Re8 12.Nfd4 Nc6 13.Bf3 Re5 14.Bh4 g5 15.Bg3 Re8
16.h3 Ne4 17.Bxe4 Rxe4 18.Qh5 Nxd4 19.Nxd4 Qf6 20.Rae1 Bf5 21.Be5 Qg6 22.Qxg6+ Bxg6
23.f3 Rxe1 24.Rxe1 Re8 25.Kf2 Re6 26.Re3 Bxd4 27.Bxd4 Kf8 28.Rxe6 fxe6 29.Be3 Bb1
30.a3 h6 31.h4 gxh4 32.Bxh6+ Kf7 33.Bg5 a5 34.b4 axb4 35.axb4 b5 36.Bxh4 Bh7
37.Ke3 Bc2 38.Kd4 Bd1 39.Ke5 Be2 40.Bf2 Bd1 41.Bh4 Be2 42.Kd6 Bf1 43.g3 Be2
44.f4 Bg4 45.Kc5 Be2 46.g4 Bc4 47.Bd8 Be2 48.Bc7 Bc4 49.Be5 Bd3 50.Bd4 Be2
51.g5 Bf1 52.Kd6 Bd3 53.Ke5 Bf1 54.g6+ Kxg6 55.Kxe6 Bh3+ 56.Kxd5 Bf1 57.Ke6 Bc4+
58.Ke5 Kf7 59.f5  1/2-1/2

[Event "Nis"]
[Site "Nis"]
[Date "1983.??.??"]
[Round "3"]
[White "Matulovic, Milan"]
[Black "Zivkovic, Branimir"]
[Result "1-0"]
[WhiteElo "2455"]
[BlackElo "2200"]

1.e4 e6 2.d4 d5 3.Nd2 Nc6 4.Ngf3 Nf6 5.e5 Nd7 6.Be2 f6 7.exf6 Qxf6 8.Nf1 Bd6
9.Ne3 O-O 10.O-O Qg6 11.g3 Nf6 12.Nh4 Qe8 13.f4 Ne7 14.Bd3 c5 15.c3 Bd7 16.Re1 Rc8
17.Nf3 Qh5 18.Ne5 Qxd1 19.Nxd1 cxd4 20.cxd4 Bb4 21.Re2 Ba4 22.Bd2 Bxd2 23.Rxd2 Bxd1
24.Raxd1 Nf5 25.Nf3 Rfe8 26.Re1 h6 27.Rde2 Kf7 28.Kg2 a6 29.h3 Nd6 30.Nd2 Nc4
31.Nb3 b6 32.Kf3 Rc6 33.g4 Rec8 34.g5 hxg5 35.fxg5 Ne8 36.Kg4 Nc7 37.Rf2+ Ke7
38.h4 Rf8 39.Rfe2 a5 40.a4 Na6 41.Bxc4 dxc4 42.d5 Rd6 43.Nd4 Nc7 44.Nxe6 Nxe6
45.Rxe6+ Kd7 46.Re7+ Kd8 47.Rxg7 Rxd5 48.Re4 Rd2 49.h5 Rg2+ 50.Kh3 Rff2 51.h6 Rxb2
52.Rd4+ Ke8 53.Rxc4 Rh2+ 54.Kg4 Rb4 55.Rxb4 axb4 56.h7  1-0

[Event "Nis"]
[Site "Nis"]
[Date "1983.??.??"]
[Round "6"]
[White "Jansa, Vlastimil"]
[Black "Zivkovic, Branimir"]
[Result "1/2-1/2"]
[WhiteElo "2445"]
[BlackElo "2200"]

1.e4 e6 2.d4 d5 3.Nd2 Nc6 4.Ngf3 Nf6 5.e5 Nd7 6.Be2 f6 7.exf6 Qxf6 8.Nf1 Bd6
9.Ne3 O-O 10.O-O Qg6 11.g3 Nf6 12.Nh4 Qe8 13.f4 Ne7 14.Ng4 Ne4 15.Bd3 b6
16.c3 Bb7 17.Re1 Nf5 18.Nf3 c5 19.Qe2 Qh5 20.Nf2 cxd4 21.cxd4 e5 22.Nxe4 dxe4
23.Bxe4 Bxe4 24.Qxe4 Rad8 25.Bd2 exd4 26.Kg2 Qg4 27.Ng5 Kh8 28.Qe2 Qxe2+
29.Rxe2 Rde8 30.Rae1 Rxe2+ 31.Rxe2 h6 32.Nf3 Rd8 33.g4 Ne3+ 34.Bxe3 dxe3
35.Ne5 Bxe5 36.fxe5 Kg8 37.Kf3 Kf7 38.Rxe3 Rd2 39.Ra3 Rxb2 40.Rxa7+ Ke6 41.Rxg7 Rxh2
42.Kf4 Rf2+ 43.Kg3 Rxa2 44.Rg6+ Kxe5 45.Rxb6 h5 46.gxh5 Kf5  1/2-1/2

[Event "SVK-ch"]
[Site "Nova Bana"]
[Date "1983.??.??"]
[Round "2"]
[White "Drtina, Milan"]
[Black "Priehoda, Vitezslav"]
[Result "0-1"]
[WhiteElo "2275"]
[BlackElo "2200"]

1.e4 e6 2.d4 d5 3.Nd2 Nc6 4.Ngf3 Nf6 5.e5 Nd7 6.c3 f6 7.exf6 Qxf6 8.Bb5 Bd6
9.Nf1 e5 10.dxe5 Ncxe5 11.Nxe5 Qxe5+ 12.Qe2 c6 13.Qxe5+ Nxe5 14.Be2 Bf5 15.Ng3 Nd3+
16.Bxd3 Bxd3 17.Be3 O-O 18.O-O-O Bg6 19.Rhe1 b5 20.f3 a5 21.Nf1 b4 22.c4 a4
23.Rd2 Rfe8 24.Kd1 a3 25.cxd5 b3 26.bxa3 Rxa3 27.axb3 Bb4 28.dxc6 Bxd2 29.Kxd2 Ra2+
30.Kc3 Rc2+ 31.Kb4 Rb8+ 32.Ka3 Rxc6 33.Rc1 Ra8+ 34.Kb2 Rca6 35.Rc4 Ra2+ 36.Kc3 Rd8
37.Bg5 Rc2+ 38.Kb4 Rb8+ 39.Ka3 Rxg2 40.h4 Bf7 41.Rc3 h6 42.Bf4 Re8 43.Ne3 Rf2
44.Ng4 Rf1 45.Ne5 Bd5 46.Bg3 Rg1 47.Bf4 Rf8 48.Be3 Rf1 49.Nd7 R8xf3  0-1

[Event "EU-chT Plovdiv"]
[Site "Plovdiv"]
[Date "1983.??.??"]
[Round "5"]
[White "Horvath, Tamas"]
[Black "Bohm, Hans"]
[Result "0-1"]
[WhiteElo "2410"]
[BlackElo "2380"]

1.e4 e6 2.d4 d5 3.Nd2 Be7 4.Ngf3 Nf6 5.e5 Nfd7 6.c3 c5 7.Bd3 Nc6 8.O-O a5
9.Re1 cxd4 10.cxd4 a4 11.Nb1 Nb6 12.Nc3 Bd7 13.Be3 Na5 14.Nd2 Rc8 15.Rc1 Nac4
16.Nxc4 Nxc4 17.Nxa4 Nxe3 18.Rxc8 Nxd1 19.Rxd8+ Kxd8  0-1

[Event "Sarajevo"]
[Site "Sarajevo"]
[Date "1983.??.??"]
[Round "?"]
[White "Ivanovic, Bozidar"]
[Black "Drasko, Milan"]
[Result "1-0"]
[WhiteElo "2480"]
[BlackElo "2330"]

1.e4 e6 2.d4 d5 3.Nd2 Nc6 4.Ngf3 Nf6 5.e5 Nd7 6.Bb5 Be7 7.O-O a6 8.Bxc6 bxc6
9.Nb3 a5 10.a4 c5 11.Bd2 c6 12.dxc5 Nxc5 13.Nfd4 Nxb3 14.cxb3 Ba6 15.Re1 Qb6
16.Qg4 g6 17.Bh6 c5 18.Nf3 Qxb3 19.Bg7 h5 20.Qf4 Rg8 21.Bf6 Bf8 22.Ng5 Rb8
23.Be7 Rg7 24.Bxf8  1-0

[Event "SWE-ch"]
[Site "?"]
[Date "1983.??.??"]
[Round "?"]
[White "Ernst, Thomas"]
[Black "Renman, Nils Gustaf"]
[Result "1-0"]
[WhiteElo "2380"]
[BlackElo "2405"]

1.e4 e6 2.d4 d5 3.Nd2 Nc6 4.Ngf3 Nf6 5.e5 Nd7 6.Nb3 a5 7.a4 Be7 8.h4 f6 9.Bf4 fxe5
10.dxe5 O-O 11.g3 Nc5 12.Nxc5 Bxc5 13.Bd3 Qe8 14.h5 Be7 15.c3 b6 16.Qc2 h6
17.Qe2 Bd8 18.Nh4 Bxh4 19.Rxh4 Ne7 20.Rg4 Kh8 21.Bg6 Qc6 22.O-O-O Bd7 23.Qe3 Ng8
24.Bc2 Be8 25.Rh4 Ne7 26.Bxh6 Nf5 27.Bxg7+ Kxg7 28.Qg5+ Kh8 29.Rg4 Qd7 30.Bxf5 exf5
31.Qh6+  1-0

[Event "Torremolinos"]
[Site "Torremolinos"]
[Date "1983.??.??"]
[Round "1"]
[White "Medina Garcia, Antonio Angel"]
[Black "Diez del Corral, Jesus"]
[Result "0-1"]
[WhiteElo "2365"]
[BlackElo "2430"]

1.e4 e6 2.d4 d5 3.Nd2 Be7 4.Ngf3 Nf6 5.Bd3 b6 6.O-O Ba6 7.Bxa6 Nxa6 8.Qe2 Nb8
9.b3 O-O 10.Bb2 Nbd7 11.Rfd1 c6 12.c4 Qc8 13.cxd5 cxd5 14.e5 Ne8 15.Rac1 Nc7
16.Qe3 Qb7 17.Ne1 a5 18.a3 Rac8 19.Nd3 Nb5 20.Nb1 Na7 21.f4 h6 22.Nd2 Qa6
23.Qh3 Rxc1 24.Rxc1 Rc8 25.Qf3 b5 26.Rxc8+ Qxc8 27.Qd1 Nb6 28.Nf3 a4 29.b4 Qc4
30.g3 Nc6 31.Nc5 Qa2  0-1

[Event "Tuzla"]
[Site "Tuzla"]
[Date "1983.??.??"]
[Round "10"]
[White "Nurkic, Sahbaz"]
[Black "Dizdar, Goran"]
[Result "1/2-1/2"]
[WhiteElo "2295"]
[BlackElo "2450"]

1.e4 e6 2.d4 d5 3.Nd2 a6 4.Ngf3 c5 5.dxc5 Bxc5 6.Nb3 Ba7 7.exd5 exd5 8.Bg5 Nf6
9.Qe2+ Be6 10.Nfd4 Qe7 11.O-O-O Nc6 12.f3 O-O 13.Kb1 Rfe8 14.Qd2 Bd7 15.Ne2 h6
16.Bf4 Rac8 17.Ng3 Ne5 18.Bd3 Nc4 19.Bxc4 dxc4 20.Nd4 c3 21.bxc3 Qa3 22.Nb3 Be6
23.Ne4 Nxe4 24.fxe4 Rc4 25.Bd6 Qa4 26.Qc1 Rec8 27.Be5 Rxe4 28.Rhe1 Bf5 29.Bd4 Bxd4
30.Nxd4 Bg6 31.Qb2 b5 32.g3 Qc4 33.Rxe4 Bxe4 34.Re1 Bg6 35.Re3 Qd5 36.Qa3 Kh7
37.Kb2 Rc4 38.Nb3 Qg2 39.Na1 Ra4 40.Qf8 Be4 41.Qxf7 b4 42.Qb3 bxc3+ 43.Rxc3 Ra5
44.Qe6 Bg6 45.Nb3 Bxc2 46.Rxc2 Rxa2+ 47.Kxa2 Qxc2+ 48.Ka3 Qxh2 49.Qe3 Qc2
50.Kb4 Qf5 51.Nd4 Qd5 52.Kc3 a5 53.Qd3+ Kh8 54.Qg6 Qc5+ 55.Kd3 Qd5 56.Qe8+ Kh7
57.Ke3 Qg5+ 58.Kf2 Qd2+ 59.Ne2 Qc2 60.Qe7 a4 61.Qb4 Kg8 62.Qa5 Kh8 63.Qd8+ Kh7
64.Qf8 Qb2 65.Qf5+ Kh8 66.Qf8+ Kh7 67.Qf5+ Kh8  1/2-1/2

[Event "Yerevan op"]
[Site "Yerevan"]
[Date "1983.??.??"]
[Round "3"]
[White "Kozirev, Alexander"]
[Black "Kuzovkin, Alexander"]
[Result "1/2-1/2"]
[WhiteElo "2200"]
[BlackElo "2200"]

1.e4 e6 2.d4 d5 3.Nd2 Nc6 4.Ngf3 Nf6 5.e5 Nd7 6.Be2 b6 7.O-O a5 8.c4 dxc4
9.Nxc4 Nb4 10.Bg5 Be7 11.Bxe7 Qxe7 12.Ne3 Bb7 13.Rc1 Rc8 14.a3 Nd5 15.Bb5 O-O
16.Bc6 Bxc6 17.Rxc6 Rfd8 18.Nxd5 exd5 19.Qd2  1/2-1/2

[Event "Robert Silk Young Masters"]
[Site "London"]
[Date "1984.07.23"]
[Round "9"]
[White "Upton, Timothy J"]
[Black "Kosten, Anthony C"]
[Result "0-1"]
[WhiteElo "2340"]
[BlackElo "2420"]

1.e4 e6 2.d4 d5 3.Nd2 a6 4.Ngf3 c5 5.exd5 exd5 6.Be2 c4 7.c3 Bd6 8.b3 cxb3
9.axb3 Nc6 10.O-O Nge7 11.Re1 O-O 12.Nf1 Ng6 13.Bd3 Nf4 14.Bxf4 Bxf4 15.Ng3 g6
16.Ra2 Qd6 17.Nf1 Be6 18.N1d2 Rac8 19.Qe2 Rc7 20.Ra4 Rfc8 21.Ne5 Bh6 22.Ndf3 Nxe5
23.dxe5 Qe7 24.c4 dxc4 25.Bxc4 Bxc4 26.bxc4 Qd7 27.Qc2 Qe6 28.Qe4 Qc6 29.Qxc6 Rxc6
30.Re4 b5 31.cxb5 Rc1+ 32.Ne1 axb5 33.Ra2 Rb1 34.Kf1 b4 35.f4 b3 36.Raa4 Bf8
37.Kf2 Rb8  0-1

[Event "URS-ch sf"]
[Site "Barnaul"]
[Date "1984.??.??"]
[Round "?"]
[White "Rozentalis, Eduardas"]
[Black "Ilinsky, Vladimir"]
[Result "1-0"]
[WhiteElo "2465"]
[BlackElo "2200"]

1.e4 e6 2.d4 d5 3.Nd2 a6 4.Ngf3 c5 5.exd5 exd5 6.dxc5 Bxc5 7.Nb3 Ba7 8.Qe2+ Qe7
9.Bd2 Be6 10.Be3 Nc6 11.Bxa7 Rxa7 12.Qe3 Qb4+ 13.c3 Qe4 14.Qxe4 dxe4 15.Nfd4 Nxd4
16.Nxd4 Bd7 17.Bc4 Nf6 18.O-O O-O 19.h3 Raa8 20.Rad1 b5 21.Bb3 a5 22.a3 Rfe8
23.Rfe1 Rab8 24.Re2 b4 25.cxb4 axb4 26.a4 Ra8 27.Nb5 Bxb5 28.axb5 Rab8 29.Rd4 Re5
30.Bc4 Kf8 31.Re1 Ke7 32.b3 Rd8 33.Rxd8 Kxd8 34.Ra1 Nd7 35.Ra8+ Kc7 36.Ra7+ Kd6
37.Bxf7 Re7 38.Bg8 Nf6 39.Ra6+ Kc5 40.Bc4 Rc7 41.Re6 Rb7 42.Rc6+ Kd4 43.g4 Ke5
44.Kg2 Nd7 45.Re6+ Kd4 46.Rd6+ Ke5 47.Rd5+ Ke6 48.Rf5+ Ke7 49.Rf7+ Kd6 50.Rxg7 Rc7
51.Bg8 Rc3 52.Rxh7 Nf6 53.Rh6 Ke5 54.b6 Rc8 55.Bc4 Rb8 56.Kg3 Rxb6 57.g5 Nd7
58.Rxb6 Nxb6 59.Bg8 Nc8 60.h4 Ne7 61.Bh7 Nd5 62.h5 e3 63.fxe3 Nxe3 64.h6 Ke6
65.Bg8+  1-0

[Event "Bayamo"]
[Site "Bayamo"]
[Date "1984.??.??"]
[Round "?"]
[White "Alzate, Dario"]
[Black "Lebredo, Gerardo"]
[Result "0-1"]
[WhiteElo "2390"]
[BlackElo "2375"]

1.e4 e6 2.d4 d5 3.Nd2 a6 4.Ngf3 c5 5.exd5 exd5 6.dxc5 Bxc5 7.Nb3 Ba7 8.Bd3 Qe7+
9.Be2 Nf6 10.O-O O-O 11.Bg5 h6 12.Bh4 g5 13.Bg3 Ne4 14.Bxb8 Rxb8 15.Qxd5 Rd8
16.Qa5 g4 17.Qe5 Qxe5 18.Nxe5 g3 19.hxg3 Re8 20.Nxf7 Be6 21.Nxh6+ Kg7 22.Bd3 Nxf2
23.Nf5+ Bxf5 24.Rxf2 Rf8 25.Rf1 Bg4 26.Nd2 Rbe8 27.Nf3 Rxf3 28.gxf3 Bxf3
29.Bf5 Rh8  0-1

[Event "Berlin op"]
[Site "Berlin-West"]
[Date "1984.??.??"]
[Round "2"]
[White "Jansa, Vlastimil"]
[Black "Bednarski, Jacek B"]
[Result "1-0"]
[WhiteElo "2480"]
[BlackElo "2325"]

1.e4 e6 2.d4 d5 3.Nd2 Be7 4.Bd3 dxe4 5.Nxe4 Nf6 6.Nf3 Nbd7 7.Nxf6+ Bxf6 8.Qe2 O-O
9.h4 Re8 10.Bg5 c5 11.O-O-O cxd4 12.Qe4 h6 13.Qh7+ Kf8 14.Qh8+ Ke7 15.Bxf6+ Kxf6
16.Qh7 Qc7 17.Rhe1 Qf4+ 18.Kb1 Nf8 19.Qg8 Bd7 20.Ne5 Qxe5 21.Rxe5 Ng6 22.Qh7 Rh8
23.Qxh8 Rxh8 24.Rc5 Nxh4 25.Be4 e5 26.Bxb7 Rb8 27.Be4 Bg4 28.Re1 Re8 29.Rc6+ Re6
30.Rc7 Ra6 31.Bd5 Be6 32.Bxe6 Rxe6 33.g3 Nf3 34.Rd1 a6 35.c3 g5 36.cxd4 Nxd4
37.g4 Kg6 38.Rc5 Ne2 39.Re1 Nf4 40.Rcxe5 Rd6 41.Ra5 h5 42.gxh5+ Kxh5 43.Rh1+ Kg6
44.a4 f6 45.Kc2 Nd3 46.f3 Ne5 47.Rf1 Nc6 48.Rc5 Nd4+ 49.Kc3 Ne2+ 50.Kb4  1-0